Handbook of physical distribution management /

Saved in:
书目详细资料
其他作者: Gattorna, John
格式: 图书
出版: Aldershot, Hants, England ; Gower, 1983.
版:3rd ed.
主题:
标签: 添加标签
没有标签, 成为第一个标记此记录!

MARC

LEADER 00000cam a2200000 a 4500
020 |a 0566022192  
040 |a MUL  |b eng  |e AACR 
082 0 0 |a 658.7882 HAN 
245 0 0 |a Handbook of physical distribution management /  |c edited by John Gattorna. 
250 |a 3rd ed. 
260 |a Aldershot, Hants, England ;  |b Gower,  |c 1983. 
300 |a xxxi, 528 p. :  |b ill. ;  |c 24 cm. 
500 |a American distributor taken from stamp on lining paper. 
504 |a Includes bibliographies and index. 
650 0 |a Physical distribution of goods 
650 0 |a Storage facilities  
700 1 |a Gattorna, John. 
942 |c BK 
999 |c 5836  |d 5836